000 00376 a2200169 4500
001 48071
020 _a9788532271877
040 _cAnchieta - Aquarius
100 _aBraz, Júlio Emílio
240 1 0 _aNão é o fim do mundo
_lpor
245 1 0 _aNão é o fim do mundo
300 _a93
362 0 _a2009
440 1 _aFTD
650 4 _aLiteratura brasileira
942 _cBK
999 _c48071
_d48071